<?xml version="1.0" encoding="UTF-8"?>
<collection xmlns="http://www.loc.gov/MARC21/slim">
 <record>
  <leader>00472nab a2200157 i 4500</leader>
  <controlfield tag="001">delm93051</controlfield>
  <controlfield tag="005">20190621125132.0</controlfield>
  <controlfield tag="008">190621s1982    hu      o     0||   hun d</controlfield>
  <datafield tag="040" ind1=" " ind2=" ">
   <subfield code="a">SZTE Délmagyarország Archívum</subfield>
   <subfield code="b">hun</subfield>
  </datafield>
  <datafield tag="041" ind1=" " ind2=" ">
   <subfield code="a">hun</subfield>
  </datafield>
  <datafield tag="100" ind1="1" ind2=" ">
   <subfield code="a">Domonkos László</subfield>
  </datafield>
  <datafield tag="245" ind1="1" ind2="2">
   <subfield code="a">A függőleges ablaksor </subfield>
   <subfield code="h">[elektronikus dokumentum] :</subfield>
   <subfield code="b">Czilczer Olga verse /</subfield>
   <subfield code="c"> Domonkos László</subfield>
  </datafield>
  <datafield tag="260" ind1=" " ind2=" ">
   <subfield code="c">1982-10-26</subfield>
  </datafield>
  <datafield tag="300" ind1=" " ind2=" ">
   <subfield code="a">4</subfield>
  </datafield>
  <datafield tag="490" ind1="0" ind2=" ">
   <subfield code="a">Délmagyarország</subfield>
   <subfield code="v">72 No. 251</subfield>
  </datafield>
  <datafield tag="695" ind1=" " ind2=" ">
   <subfield code="a">Czilczer Olga</subfield>
  </datafield>
 </record>
</collection>
